00992nam a22002777a 4500999001700000003000900017005001700026008004100043020001800084040004300102082002000145245005400165264004500219300004500264336002600309337002800335338002700363490002800390500002300418504005100441650003300492653001900525655002400544942001200568952013400580 c29232d29203EG-ScBUE20210712120901.0200219s2009 enkbo f b 001 0 eng d a9780749217129 aEG-ScBUEbengerdacEG-ScBUEdEG-ScBUE04a325.32bWHY22200aWhy do empires end ? :bconclusions and legacies. 1aMilton Keynes :bOpen University,c2009. a237 pages :bmaps, photographs ;c24 cm. 2rdacontentatextbtxt 2rdamediaaunmediatedbn 2rdacarrieravolumebnc0 aA326 Empire : 1492-1975 aIncludes glossary. aIncludes bibliographical references and index. 7aImperialismxHistory.2BUEsh bGGENcJuly2021 vReading book934232 2ddccBB 00102ddc40708Donation-GaMAINbMAINc1STd2021-07-12eDonationl0o325.32 WHYp000050400r2024-06-11 00:00:00w2021-07-12yBB